Experiencias educativas con desmovilizados en Colombia (Record no. 68754)

MARC details
000 -CABECERA
campo de control de longitud fija 00556nam a2200205 a 4500
005 - FECHA Y HORA DE LA ÚLTIMA TRANSACCIÓN
campo de control 20210219153118.0
008 - ELEMENTOS DE LONGITUD FIJA--INFORMACIÓN GENERAL
campo de control de longitud fija 991125n 000 0 spa u
035 ## - NÚMERO DE CONTROL DEL SISTEMA
Número de control de sistema UPN01000078785
100 1# - ASIENTO PRINCIPAL--NOMBRE PERSONAL
Nombre de persona Cifuentes Sánchez, Francisco
222 #0 - TÍTULO CLAVE
Título clave EDUCACION Y CULTURA
245 00 - MENCIÓN DE TÍTULO
Título Experiencias educativas con desmovilizados en Colombia
300 ## - DESCRIPCIÓN FÍSICA
Extensión 32-34
362 0# - FECHAS DE PUBLICACIÓN Y/O DESIGNACIÓN SECUENCIAL
Fecha de publicación y/o designación secuencial 1992 No. 28, nov.
653 0# - TERMINO DE INDIZACION - NO CONTROLADO
Término no controlado COLOMBIA
653 0# - TERMINO DE INDIZACION - NO CONTROLADO
Término no controlado GRUPOS EXPERIMENTALES
653 0# - TERMINO DE INDIZACION - NO CONTROLADO
Término no controlado INTEGRACION SOCIAL
653 0# - TERMINO DE INDIZACION - NO CONTROLADO
Término no controlado READAPTACION
904 ## - ELEMENTOS DE DATOS D LOCAL, LDD (RLIN)
a AC
b 016596
905 ## - TIPO DE MATERIAL
Tipo de material Articulo

No items available.